000 00490nam a2200181Ia 4500
001 12634
005 20260306162956.0
008 260306t2022||||xx |||||||||||||| ||spa||
041 _aESP
082 _aHR 371
_bABR 2022 SE
100 _aPonce Alcántara, Juan
_eAUT
245 0 _aSigno educativo:
_brevista del Consorcio de Centros Educativos Católicos del Perú
260 _c2022
300 _a52 páginas :
_c28 cm.
650 _aGEN
654 _aCED
942 _cREV
_dJUS
_fJUS
_2ddc
_n
999 _c12634
_d12634